Estética: como ciencia de la expresión y lingüística general, parte teórica

Uloženo v:
Podrobná bibliografie
Hlavní autor: Croce, Benedetto (Autor)
Médium: Kniha
Jazyk:španělština
Vydáno: Buenos Aires Nueva Visión 1962
Edice:Colección Ensayos. Arte y Estética
Témata:
Tagy: Přidat tag
Žádné tagy, Buďte první, kdo vytvoří štítek k tomuto záznamu!

MARC

LEADER 00000nam a2200000 a 4500
001 UCV9881
003 CL-VaPUC
008 930709e19620000AG |||||||||||||||||spa|d
082 0 4 |a 701.17  |b CRO  |2 21 
100 0 |a Croce, Benedetto  |e author  |9 303877 
245 1 0 |a Estética: como ciencia de la expresión y lingüística general, parte teórica 
300 |a 237 p 
942 |c BK 
945 |d 19930709 00:00:00 
260 |a Buenos Aires  |b Nueva Visión  |c 1962 
650 0 |a Estética   |9 264950 
583 |a last modification  |c 19930709 00:00:00  |k Rodrigo Vera 
490 0 |a Colección Ensayos. Arte y Estética 
999 |c 215156  |d 215154 
952 |0 0  |1 0  |4 0  |6 701_170000000000000_CRO_1962  |7 0  |8 A  |9 199162  |a BIBARQ  |b BIBARQ  |d 2019-11-14  |i 2664836  |l 6  |m 2  |o 701.17 CRO 1962  |p 2664836  |r 2025-01-20  |s 2021-09-27  |w 2019-11-14  |y BK  |k ARQ 
952 |0 0  |1 0  |4 0  |6 701_170000000000000_CRO_1962  |7 0  |8 A  |9 199164  |a FDOPOS  |b FDOPOS  |d 2019-11-14  |i 427394K  |o 701.17 CRO 1962  |p 427394K  |r 2025-01-22  |w 2019-11-14  |y BK  |k MLA